ბათუმის შოთა რუსთაველის სახელმწიფო უნივერსიტეტის ბიბლიოთეკა

Учебное пособие по русскому языку для студентов политехнического института. (ბიბ.ჩანაწერი № 41292)

000 -LEADER
fixed length control field 00788nam a2200205Ia 4500
001 - CONTROL NUMBER
control field 7949
003 - CONTROL NUMBER IDENTIFIER
control field GE_BSU
008 - FIXED-LENGTH DATA ELEMENTS--GENERAL INFORMATION
fixed length control field 181216s||||||||xx |||||||||||||| ||und||
040 ## - CATALOGING SOURCE
Transcribing agency GE_BSU
080 ## - UNIVERSAL DECIMAL CLASSIFICATION NUMBER
Universal Decimal Classification number 811.161.1(072)+62
100 ## - MAIN ENTRY--PERSONAL NAME
Personal name Каухчишвили,Л. Варшаломидзе,М. Имнадзе,Б.
245 ## - TITLE STATEMENT
Title Учебное пособие по русскому языку для студентов политехнического института.
245 ## - TITLE STATEMENT
Remainder of title Учебное пособие.
260 ## - PUBLICATION, DISTRIBUTION, ETC.
Place of publication, distribution, etc. Тб.
260 ## - PUBLICATION, DISTRIBUTION, ETC.
Name of publisher, distributor, etc. Ганатлеба.
260 ## - PUBLICATION, DISTRIBUTION, ETC.
Date of publication, distribution, etc. 1974.
300 ## - PHYSICAL DESCRIPTION
Extent 160стр.20см.
653 ## - INDEX TERM--UNCONTROLLED
Uncontrolled term Учебное пособие по русскому языку для студентов политехнического института.
942 ## - ADDED ENTRY ELEMENTS (KOHA)
Koha item type წიგნი
ეგზემპლარები
Withdrawn status Lost status Damaged status Not for loan Date acquired Barcode Date last seen Price effective from Koha item type
        2018-12-17 9938 2018-12-17 2018-12-17 წიგნი
        2018-12-17 9939 2018-12-17 2018-12-17 წიგნი
        2018-12-17 9940 2018-12-17 2018-12-17 წიგნი